00928nam a2200229Ia 4500003000900000008004100009020001400050040001600064080002100080111007700101245019900178260004000377300001300417650004100430650002200471650002700493700002900520700002100549942000700570999001500577952010600592IN-BaIIA211028s9999 xx 000 0 eng d a0379-6566 cIIA Library a523.43(063)bESA aWorkshop on the Planet Marsc University of Leedsd1982 Aug. 27914525 4athe planet Marsbproceedings of a Workshop on the planet Mars, held in the University of Leeds, 27 August 1982cedited by B. Battrick and E. Rolfe  aFrancebEuropean Space Agencyc1982 av, 120p. aAstronomy and Astrophysics thesaurus aPlanet Mars91263 aPlanetary systems9965 aBattrick, B., ed.911567 aRolfe, E.914526 cBK c8654d8654 00104070aBANbBANcGENd1986-03-21l0o523.43(063)/ ESAp9527r2021-11-05w1986-03-21yBKG£ 6.50